00338 a2200097 4500001001000000005001700010008004100027245009400068100002300162773005500185ART_4887020260410161757.0260409a 10aAcerca de los estímulos a las exportaciones y su efectividad para lograr incrementarlas1 aBibiloni, Mario J.0 tDoctrina tributariag- N°470 (mayo 2019)wREV4296